000 01358nam a2200241Ia 4500
003 Ost
005 20260507075044.0
008 260507s9999||||xx |||||||||||||| ||und||
040 _cfsecg
041 _aara
082 _a330
100 _aالقيسي، عامر قاسم أحمد
_eمؤلف
245 0 _aالحماية القانونية للمستهلك :
_bدراسة في القانون المدني والمقارن /
_c عامر قاسم أحمد القيسي
260 _aعمان:
_bالدار العلمية,
_c2002
300 _a267 صفحة؛
_bإيضاحات ؛
_c24 سم
490 _aالمكتبة القانونية
_v445
504 _aببلوغرافيا ص.250
520 _aحماية المستهلك في ظل المبادئ التقليدية:عرض حماية المستهلك، محاولة تطوير حماية المستهلك، قصور الحماية في ظل المبادئ التقليدية ، حماية المستهلك في ظل مبادئ معاصرة:المبادئ العامةلحماية المستهلك، حماية المستهلك في نطاق استخدام المنتجات والخدمات، توظيف الإجراءات القانونية لحماية المستهلك
653 _aالاستهلاك
653 _aالقانون
653 _aحماية المستهلك
942 _cكتاب
999 _c42545
_d42545